000 00281nam a22001337a 4500
008 170620b xxu||||| |||| 00| 0 eng d
020 _a9781568029337
041 _aeng
080 _24TH
_a324
100 _a20
101 _aSHP
245 _aAIR WARS
_cWEST.D.M
942 _2udc
_cBK
999 _c18232
_d18232